American Shows by Supporting Character - Statistics

General Stats
  • This quiz has been taken 20 times
  • The average score is 16 of 30
Answer Stats
Character Show % Correct
Squidward SpongeBob SquarePants
94%
Ned Flanders The Simpsons
94%
Bert & Ernie Sesame Street
88%
Velma Dinkley Scooby-Doo
82%
Spock Star Trek
82%
Elaine Benes Seinfeld
71%
Mr. Big Sex and the City
71%
Ron Swanson Parks and Recreation
65%
Joe Swanson Family Guy
59%
D.J. Tanner Full House
59%
Speedy Gonzales Looney Tunes
59%
Woody Boyd Cheers
53%
Gunther Friends
53%
Arya Stark Game of Thrones
53%
Jim Halpert The Office
53%
Tobias Fünke Arrested Development
47%
Randy Marsh South Park
47%
Barney Fife The Andy Griffith Show
47%
Beaker The Muppet Show
47%
Rosa Diaz Brooklyn Nine-Nine
41%
Daphne Moon Frasier
35%
Marshall Eriksen How I Met Your Mother
35%
Dustin Henderson Stranger Things
35%
Tracy Jordan 30 Rock
29%
Hank Schrader Breaking Bad
29%
Dr. Jennifer Melfi The Sopranos
29%
Josh Lyman The West Wing
29%
Kim Wexler Better Call Saul
24%
Lisa Turtle Saved by the Bell
24%
Dean Pelton Community
18%
No matching quizzes found
Score Distribution
Percent of People with Each Score
Percentile by Number Answered
Your Score History
You have not taken this quiz